[Event "Dresden Post"]
[Site "Dresden"]
[Date "1986.??.??"]
[Round "?"]
[White "Kochyev, Alexander"]
[Black "Dobos, Jozsef"]
[Result "1-0"]
[WhiteElo "2450"]
[BlackElo "2320"]

1.Nf3 Nf6 2.c4 g6 3.Nc3 Bg7 4.e4 d6 5.d4 O-O 6.Be2 Nbd7 7.O-O e5 8.Qc2 c6
9.Rd1 Qe7 10.d5 c5 11.Bg5 h6 12.Bh4 a6 13.h3 Qe8 14.Nd2 Nh7 15.Bd3 h5 16.f3 Bh6
17.Kh1 Be3 18.Rab1 f6 19.b4 Kh8 20.Na4 g5 21.Be1 g4 22.fxg4 hxg4 23.bxc5 Bxc5
24.Nxc5 Nxc5 25.Nb3 b6 26.Nxc5 bxc5 27.Rb6 Qe7 28.Bh4 Ng5 29.Rf1 Kg7 30.Qf2 Rg8
31.Kg1 Ra7 32.Qe3 Rh8 33.Qg3 Rb7 34.Rxb7 Qxb7 35.Qf2 Qe7 36.Rb1 f5 37.Bxg5 Qxg5
38.exf5 Kf6 39.Rb6 Rd8 40.Qxc5 Qc1+ 41.Bf1 Bxf5 42.Rxd6+ Rxd6 43.Qxd6+ Kf7
44.Qxe5 Bd3 45.Qe6+ Kf8 46.Qf6+ Ke8  1-0

[Event "Dresden Post"]
[Site "Dresden"]
[Date "1986.??.??"]
[Round "?"]
[White "Starck, Bodo"]
[Black "Kaminski, Uwe"]
[Result "0-1"]
[WhiteElo "2325"]
[BlackElo "2330"]

1.d4 Nf6 2.c4 g6 3.Nc3 Bg7 4.e4 d6 5.Nf3 O-O 6.Be2 e5 7.d5 a5 8.Bg5 h6 9.Bh4 Qe8
10.Nd2 Na6 11.g4 Nh7 12.Nf1 Ng5 13.Ne3 Nh3 14.Qd2 Bd7 15.O-O-O Nc5 16.Kb1 Qc8
17.Qc2 Nf4 18.Rhg1 Kh7 19.Bf3 a4 20.Ne2 b5 21.Nf5 Nxe2 22.Qxe2 gxf5 23.gxf5 Bxf5
24.exf5 Qxf5+ 25.Qc2 Qxc2+ 26.Kxc2 e4 27.Bh5 bxc4 28.Be7 Rfe8 29.Rxg7+ Kxg7
30.Rg1+ Kh7 31.Bf6 Rg8 32.Bg4 Kg6 33.Bd4 f5 34.Be2+ Kh7 35.Rb1 Nd3 36.Kc3 Ra5
37.Bh5 Nf4 38.Bf7 Rf8 39.Be6 Nxe6 40.dxe6 c5  0-1

[Event "Agria op"]
[Site "Eger"]
[Date "1986.??.??"]
[Round "?"]
[White "Titz, Heimo"]
[Black "Novotny, Josef"]
[Result "1/2-1/2"]
[WhiteElo "2290"]
[BlackElo "2215"]

1.c4 Nf6 2.Nf3 g6 3.Nc3 Bg7 4.e4 d6 5.d4 O-O 6.Be2 e5 7.Be3 Nbd7 8.O-O Ng4
9.Bg5 f6 10.Bh4 Nh6 11.dxe5 dxe5 12.Qc2 c6 13.Rad1 Qe8 14.Rfe1 Nc5 15.Na4 Ne6
16.c5 Kh8 17.Bc4 g5 18.Bg3 Nf7 19.h4 g4 20.Bxe6 Bxe6 21.Nd2 Rd8 22.Nc4 Bxc4
23.Qxc4 Qe7 24.Nc3 Rxd1 25.Rxd1 Rd8 26.h5 Bh6 27.Qe2 Qe6 28.Rxd8+ Nxd8 29.Qd1 Nf7
30.Qd3 Kg7 31.b3 Kf8 32.Nd1 Ke8 33.Ne3 Bxe3 34.Qxe3 f5 35.exf5 Qxf5 36.h6 Qb1+
37.Kh2 Qf5 38.b4 b6 39.a3 Qh5+ 40.Kg1 Qxh6 41.Qxh6 Nxh6 42.Bxe5 Kf7 43.Kf1 Ke6
44.Bf4 Ng8 45.Ke2 Kf5 46.Ke3 h5 47.g3 Nf6 48.Bh6 Ne4 49.Bg7 Ng5 50.Kd3 Nf3
51.Ke3 h4 52.gxh4 Nxh4 53.Bh6 Ng2+ 54.Kd4 Ne1 55.Bc1 Nf3+ 56.Ke3 Ng5 57.Kd3 Ne4
58.Be3 Ke5 59.Kc4 Kf5 60.Kd3 Nf6  1/2-1/2

[Event "Agria op"]
[Site "Eger"]
[Date "1986.??.??"]
[Round "?"]
[White "Schreiner, Richard"]
[Black "Halasz, Tamas"]
[Result "0-1"]
[WhiteElo "2255"]
[BlackElo "2400"]

1.d4 Nf6 2.c4 g6 3.Nc3 Bg7 4.e4 d6 5.Be2 O-O 6.Nf3 e5 7.d5 a5 8.Bg5 h6 9.Bxf6 Qxf6
10.O-O Qe7 11.a3 f5 12.Nd2 Nd7 13.b4 Nf6 14.Rc1 h5 15.Bd3 Bh6 16.Rb1 h4 17.Qc2 Nh5
18.Ne2 f4 19.Kh1 axb4 20.axb4 f3 21.Nxf3 h3 22.Nfg1 hxg2+ 23.Kxg2 Qh4 24.Ng3 Nf4+
25.Kh1 Bh3 26.Nxh3 Qxh3 27.Rg1 Nxd3 28.Nf5 Qf3+ 29.Rg2 Rxf5 30.exf5 Nf4  0-1

[Event "Agria op"]
[Site "Eger"]
[Date "1986.??.??"]
[Round "?"]
[White "Peric, A."]
[Black "Pesztericz, Laszlo"]
[Result "1/2-1/2"]
[WhiteElo "2265"]
[BlackElo "2210"]

1.d4 Nf6 2.Nf3 g6 3.c4 Bg7 4.Nc3 d6 5.e4 O-O 6.Be2 e5 7.dxe5 dxe5 8.Qxd8 Rxd8
9.Bg5 Re8 10.Nd5 Nxd5 11.cxd5 c6 12.Bc4 cxd5 13.Bxd5 Nd7 14.Nd2 Nb6 15.Bb3 Be6
16.Ke2 Rac8 17.Rhc1 Bxb3 18.axb3 Rxc1 19.Rxc1 Rc8 20.Rc3 Rxc3 21.bxc3 Nd7
22.Be3 a6 23.Kd3 b5 24.c4 Bf8 25.cxb5 axb5 26.f3 f5 27.Nb1 Bc5 28.exf5 gxf5
29.Nc3 Bxe3 30.Kxe3 Nc5 31.b4 Na6 32.Nxb5 Nxb4 33.Nd6 Nd5+ 34.Kf2 Ne7 35.g4 Kg7
36.gxf5 Kf6 37.Ke2 Nxf5 38.Nxf5 Kxf5 39.Ke3  1/2-1/2

[Event "Hamburg HSV"]
[Site "Hamburg"]
[Date "1986.??.??"]
[Round "?"]
[White "Wegner, Hannu"]
[Black "Todorcevic, Miodrag"]
[Result "0-1"]
[WhiteElo "2300"]
[BlackElo "2445"]

1.d4 g6 2.c4 Bg7 3.Nc3 d6 4.e4 e5 5.Nf3 Nd7 6.Be2 Ngf6 7.O-O O-O 8.Re1 a5
9.Rb1 exd4 10.Nxd4 Re8 11.Bf1 c6 12.Bf4 Nc5 13.f3 Nh5 14.Be3 a4 15.Qd2 Qa5
16.Nde2 Be6 17.Nd4 Rad8 18.Nxe6 Nxe6 19.Red1 Nf6 20.Qc2 a3 21.b4 Qe5 22.Bb6 Rc8
23.Rbc1 Bh6 24.Rb1 Bg7 25.Rbc1 h5 26.Bf2 g5 27.Ne2 h4 28.Nd4 Nxd4 29.Bxd4 Qf4
30.Qd2 Qxd2 31.Rxd2 c5 32.Bc3 Re6 33.Rd3 Ra8 34.Rb1 Nd7 35.Bxg7 Kxg7 36.b5 Ne5
37.Rc3 Ra4 38.Rbb3 Rb4 39.Rxa3 Rb1 40.Kf2 g4 41.Be2 Rb2 42.Ke1 h3 43.fxg4 hxg2
44.Rg3 Ng6 45.Bf3 Nh4  0-1

[Event "Hastings8687"]
[Site "Hastings"]
[Date "1986.??.??"]
[Round "?"]
[White "Lputian, Smbat G"]
[Black "Mestel, A Jonathan"]
[Result "1-0"]
[WhiteElo "2520"]
[BlackElo "2505"]

1.d4 Nf6 2.c4 g6 3.Nc3 Bg7 4.e4 d6 5.Nf3 O-O 6.Be2 Nbd7 7.O-O e5 8.Qc2 c6
9.Be3 Qe7 10.Rad1 exd4 11.Nxd4 a5 12.Rfe1 Re8 13.f3 Nc5 14.Bf1 Nfd7 15.b3 Be5
16.a3 Qf6 17.Nce2 g5 18.b4 axb4 19.axb4 Ne6 20.Nf5 Ng7 21.Qd2 h6 22.Nxd6 Rd8
23.c5 Ne6 24.Nd4 Nf4 25.N4f5 Bc3 26.Bd4 Bxd2 27.Bxf6 Nxf6 28.Nxh6+ Kh7 29.Rxd2 Be6
30.Nhf5 Rd7 31.Nd4 Ra4 32.g3 Ng6 33.e5 Nd5 34.b5 Ra5 35.Bc4 Rc7 36.Ne8 Rc8
37.Bxd5 cxd5 38.Nd6 Rc7 39.b6 Rd7  1-0

[Event "Havana-A"]
[Site "Havana"]
[Date "1986.??.??"]
[Round "?"]
[White "Vera, Reynaldo"]
[Black "Pecorelli Garcia, Humberto"]
[Result "1-0"]
[WhiteElo "2455"]
[BlackElo "2420"]

1.d4 Nf6 2.Nf3 g6 3.c4 Bg7 4.Nc3 d6 5.e4 O-O 6.Be2 e5 7.d5 Na6 8.Bg5 Qe8
9.Nd2 Bd7 10.Rc1 h6 11.Be3 Nh7 12.O-O Qe7 13.a3 c5 14.dxc6 bxc6 15.b4 Nc7
16.Nb3 Rfd8 17.Na5 Be8 18.b5 c5 19.Nd5 Nxd5 20.cxd5 f5 21.Nc6 Bxc6 22.dxc6 Nf6
23.f3 Kh8 24.Qc2 f4 25.Bf2 g5 26.a4 h5 27.a5 Qc7 28.Qa4 Bf8 29.Rb1 Rdc8 30.Bc4 Rab8
31.Rb3 g4 32.Rfb1 gxf3 33.gxf3 Be7 34.Be6 Rg8+ 35.Kh1 c4 36.b6 Qd8 37.c7 Qe8
38.Qxe8 Rbxe8  1-0

[Event "Havana-A"]
[Site "Havana"]
[Date "1986.??.??"]
[Round "?"]
[White "Frey, Kenneth"]
[Black "Pecorelli Garcia, Humberto"]
[Result "1/2-1/2"]
[WhiteElo "2390"]
[BlackElo "2420"]

1.Nf3 Nf6 2.c4 g6 3.Nc3 Bg7 4.e4 d6 5.d4 O-O 6.Be2 e5 7.Be3 Nc6 8.d5 Ne7
9.Nd2 Ne8 10.c5 f5 11.f3 Kh8 12.Nc4 fxe4 13.fxe4 Ng8 14.Qd2 dxc5 15.Bxc5 Nd6
16.Nxd6 cxd6 17.Be3 a6 18.O-O-O b5 19.Rdf1 Bd7 20.Rxf8 Qxf8 21.Rf1 Qd8 22.Bd3 b4
23.Ne2 a5 24.Kb1 Qh4 25.h3 Nf6 26.Qe1 Qh5 27.Qg3 Nxe4 28.Bxe4 Qxe2 29.Qf3 Qb5
30.Qd1 Kg8 31.Qd3 Qb7 32.Rc1 Rc8 33.Rxc8+ Bxc8 34.g4 Bd7 35.Qb3 Bb5 36.a3 Qf7
37.Qc2 Qf1+ 38.Ka2 b3+ 39.Kxb3 a4+ 40.Kb4 Ba6 41.b3 Qxh3 42.Bd2 axb3 43.Qxb3 Qxg4
44.Qc2 Qe2 45.a4 Bf6 46.Bxg6 hxg6 47.Qxg6+ Bg7 48.Qe6+ Kh7 49.Qf5+ Kh8 50.Qh3+ Kg8
51.Qe6+ Kh8 52.Qh3+  1/2-1/2

[Event "NLD-ch"]
[Site "Hilversum"]
[Date "1986.??.??"]
[Round "8"]
[White "De Boer, Gert Jan"]
[Black "Ligterink, Gert"]
[Result "1/2-1/2"]
[WhiteElo "2430"]
[BlackElo "2470"]

1.d4 Nf6 2.c4 g6 3.Nc3 Bg7 4.e4 d6 5.Be2 O-O 6.Nf3 e5 7.Be3 h6 8.dxe5 Ng4
9.Bd2 Nxe5 10.O-O Nbc6 11.Rc1 Re8 12.b3 Nd7 13.Re1 Nc5 14.Bf1 Ne5 15.Nxe5 dxe5
16.Be3 Ne6 17.c5  1/2-1/2

[Event "Holon op"]
[Site "Holon"]
[Date "1986.??.??"]
[Round "?"]
[White "Levitt, Jonathan"]
[Black "Kagan, Shimon"]
[Result "1-0"]
[WhiteElo "2395"]
[BlackElo "2415"]

1.d4 Nf6 2.c4 g6 3.Nc3 Bg7 4.e4 d6 5.Nf3 O-O 6.Be2 e5 7.O-O Nbd7 8.Be3 Ng4
9.Bg5 f6 10.Bd2 Nh6 11.Qc2 Nf7 12.Rad1 a5 13.Rfe1 c6 14.Bf1 Qc7 15.Be3 Bh6
16.a3 Bxe3 17.Rxe3 Re8 18.b4 axb4 19.axb4 Qb6 20.Qb3 Kg7 21.h3 Nf8 22.c5 dxc5
23.dxc5 Qc7 24.Bc4 Be6 25.Bxe6 Nxe6 26.Red3 Nf8 27.Na4 Rad8 28.Nb6 Rxd3 29.Rxd3 Rd8
30.Qd1 Ne6 31.g3 Rxd3 32.Qxd3 Qd8 33.Qxd8 Nfxd8 34.Kf1 Nc7 35.Ne1 Nde6 36.Nc4 Nb5
37.Na5 Nd8 38.Ke2 f5 39.Kd3 Kf6 40.exf5 gxf5 41.Nc2 Ke6 42.Kc4 Nc7 43.Ne3 f4
44.gxf4 exf4 45.Nc2 Kf5 46.Nd4+ Kg5 47.Nf3+ Kf5 48.Nd4+ Ke4 49.Nab3 Nde6
50.Nd2+ Ke5 51.N2f3+ Kf6 52.Nb3 h6 53.Na5 Nd8 54.Kd4 Nce6+ 55.Ke4 Ng5+ 56.Nxg5 hxg5
57.f3 Kg6 58.Ke5 Kh5 59.Kf6 Kh4 60.Nc4 Kxh3 61.Ne5 b6 62.cxb6 Kh4 63.Ke7 Nb7
64.Nxc6 g4 65.fxg4 Kxg4 66.Nd4  1-0

[Event "HUN-ch"]
[Site "?"]
[Date "1986.??.??"]
[Round "?"]
[White "Sinkovics, Peter"]
[Black "Hazai, Laszlo"]
[Result "0-1"]
[WhiteElo "2415"]
[BlackElo "2470"]

1.d4 Nf6 2.c4 g6 3.Nc3 Bg7 4.e4 d6 5.Be2 O-O 6.Nf3 e5 7.Be3 Ng4 8.Bg5 f6
9.Bc1 Nc6 10.d5 Ne7 11.O-O f5 12.Ng5 Nf6 13.f3 Kh8 14.Be3 Bh6 15.Nf7+ Rxf7
16.Bxh6 f4 17.b4 Neg8 18.Bg5 h6 19.Bxf6+ Nxf6 20.c5 g5 21.a4 Rg7 22.g4 fxg3
23.hxg3 a5 24.cxd6 cxd6 25.bxa5 Rxa5 26.Qd2 Nh5 27.Kf2 Qb6+ 28.Kg2 Nf4+ 29.gxf4 gxf4+
30.Kh1 Rg3 31.Bb5 Rh3+ 32.Kg2 Qd8 33.Rfc1 Qh4 34.Qe1 Rh2+ 35.Kg1 Rh1+  0-1

[Event "HUN-ch"]
[Site "?"]
[Date "1986.??.??"]
[Round "?"]
[White "Lukacs, Peter"]
[Black "Portisch, Ferenc"]
[Result "1-0"]
[WhiteElo "2460"]
[BlackElo "2420"]

1.d4 Nf6 2.c4 g6 3.Nc3 Bg7 4.e4 d6 5.Be2 O-O 6.Nf3 e5 7.Be3 h6 8.d5 Ng4 9.Bc1 f5
10.O-O Nd7 11.g3 Ngf6 12.Nh4 Nxe4 13.Nxe4 fxe4 14.Nxg6 Rf7 15.Bg4 Nf6 16.Be6 Qe8
17.Bxf7+ Qxf7 18.Nh4 Bg4 19.Qc2 Rf8 20.Be3 Qd7 21.f3 exf3 22.h3 Bh5 23.Qf5 e4
24.g4 Qxf5 25.Nxf5 Bg6 26.Nxg7 Kxg7 27.Bd4 Kf7 28.Kf2 Nd7 29.Ke3 Nc5 30.Rad1 Nd3
31.Rxd3 exd3 32.Rxf3+ Ke8 33.Rxf8+ Kxf8 34.Bxa7 Ke7 35.Bd4 Kd7 36.Bg7 h5
37.gxh5 Bxh5 38.Kxd3 c6 39.dxc6+ Kxc6 40.Kd4 Bf7 41.Bf8 Bh5 42.a4 b6 43.Kc3 Bf7
44.Kb4 Kc7 45.Bg7 Kc6 46.Bd4 Kb7 47.h4 Kc6 48.b3 Kb7 49.a5 bxa5+ 50.Kxa5 Kc6
51.Kb4 Bh5 52.Kc3 Bd1 53.b4 Be2 54.b5+ Kd7 55.Kb4  1-0

[Event "HUN-ch"]
[Site "?"]
[Date "1986.??.??"]
[Round "?"]
[White "Lukacs, Peter"]
[Black "Sinkovics, Peter"]
[Result "1/2-1/2"]
[WhiteElo "2460"]
[BlackElo "2415"]

1.d4 Nf6 2.c4 g6 3.Nc3 Bg7 4.e4 d6 5.Nf3 O-O 6.Be2 e5 7.Be3 Ng4 8.Bg5 f6
9.Bc1 Nc6 10.O-O Kh8 11.d5 Ne7 12.Ne1 Nh6 13.f3 f5 14.Be3 f4 15.Bf2 g5 16.c5 Bf6
17.cxd6 cxd6 18.Rc1 Rg8 19.h3 Nf7 20.Nb5 Bd7 21.Nc7 Rc8 22.Ne6 Qa5 23.Nd3 Rxc1
24.Nxc1 Rc8 25.a3 Ng6 26.Nb3 Qa4 27.Nd2 Qxd1 28.Rxd1 b6 29.Ba6 Rc2 30.b3 Kg8
31.a4 Nf8 32.Bc4 h5 33.Kf1 Nd8 34.Nc7 g4 35.hxg4 hxg4 36.Ke2 Ng6 37.Kd3 Ra2
38.Bb5 Bc8 39.Rc1 g3 40.Bg1 Bb7 41.Ne6 Nh4 42.Rc7 Ra1 43.Nxd8 Bxd8 44.Rxb7 Kf8
45.Rb8  1/2-1/2

[Event "URS-FL"]
[Site "Irkutsk"]
[Date "1986.??.??"]
[Round "?"]
[White "Dokhoian, Yury"]
[Black "Romanishin, Oleg M"]
[Result "1/2-1/2"]
[WhiteElo "2450"]
[BlackElo "2560"]

1.Nf3 Nf6 2.c4 g6 3.Nc3 Bg7 4.e4 O-O 5.d4 d6 6.Be2 e5 7.O-O Nbd7 8.Re1 c6
9.Bf1 exd4 10.Nxd4 Ng4 11.h3 Qb6 12.hxg4 Qxd4 13.Bf4 Qxd1 14.Raxd1 Ne5 15.g5 Be6
16.Rxd6 Bxc4 17.Bc1 Rfd8 18.Red1 Rxd6 19.Rxd6 Bf8 20.Rd1 b5 21.b3 Be6 22.Bb2 Bg7
23.Rd6 Rc8 24.Nd1 Nd7 25.Bxg7 Kxg7 26.f3 a5 27.Nc3 Nc5 28.Ne2 a4 29.Nd4 axb3
30.axb3 Bxb3 31.Rxc6 Rxc6 32.Nxc6 Bc4 33.Bxc4 bxc4 34.Kf2 Ne6 35.Ke3 Nxg5
36.Kd4 h5 37.Kxc4 h4 38.Nd4 h3  1/2-1/2

[Event "ISR-ch"]
[Site "?"]
[Date "1986.??.??"]
[Round "?"]
[White "Grinberg, Nir"]
[Black "Afek, Yochanan"]
[Result "1-0"]
[WhiteElo "2415"]
[BlackElo "2285"]

1.d4 Nf6 2.Nf3 g6 3.c4 Bg7 4.Nc3 O-O 5.e4 d6 6.Be2 e5 7.Be3 Nc6 8.d5 Ne7
9.Nd2 Nd7 10.f3 f5 11.O-O f4 12.Bf2 g5 13.b4 Ng6 14.c5 Nf6 15.cxd6 cxd6 16.Nc4 Rf7
17.Nb5 Bf8 18.Nxa7 Bd7 19.Nb6 Rxa7 20.Nxd7 Rxd7 21.Bxa7 b6 22.Qa4 Qa8 23.Rfc1 Rxa7
24.Qc6 Qd8 25.Qc8 Qe7 26.Rc6 g4 27.Rac1 gxf3 28.Bxf3 Nd7 29.Rc7 Rxc7 30.Rxc7 Qh4
31.Kf1 Nf6 32.Qe6+ Kh8 33.Qf7 Ng8 34.h3 b5 35.a4 bxa4 36.b5 a3 37.b6 a2 38.Ra7  1-0

[Event "Jajce (Women)"]
[Site "Jajce"]
[Date "1986.??.??"]
[Round "2"]
[White "Nutu Gajic, Dana"]
[Black "Akhmilovskaya, Elena"]
[Result "1/2-1/2"]
[WhiteElo "2180"]
[BlackElo "2290"]

1.Nf3 Nf6 2.c4 g6 3.Nc3 Bg7 4.e4 d6 5.d4 O-O 6.Be2 e5 7.O-O Nbd7 8.Re1 exd4
9.Nxd4 c6 10.Bf1 Re8 11.Bf4 Nc5 12.Qc2 Nfd7 13.Rad1 Bxd4 14.Rxd4 Ne6 15.Qd2 Nxd4
16.Qxd4 Ne5 17.Rd1 Qf6 18.Qe3 Qe7 19.Qd4 Bg4 20.Rd2 g5 21.Bg3 f6 22.f4 gxf4
23.Bxf4 Be6 24.b3 Qg7 25.Kh1 Red8 26.h3 Rd7 27.Qe3 Kh8 28.Ne2 c5 29.Ng3 Rg8
30.Nf5 Bxf5 31.exf5 a6 32.g4 b5 33.cxb5 axb5 34.Bxb5 Re7 35.Qf2 Rb7  1/2-1/2

[Event "Jerusalem"]
[Site "Jerusalem"]
[Date "1986.??.??"]
[Round "?"]
[White "Veinger, Itzchak"]
[Black "Rechlis, Gad"]
[Result "0-1"]
[WhiteElo "2415"]
[BlackElo "2430"]

1.c4 g6 2.d4 Bg7 3.Nc3 d6 4.e4 Nf6 5.Nf3 O-O 6.Be2 Nbd7 7.O-O e5 8.d5 h6
9.a3 a5 10.Rb1 a4 11.Bd3 Nc5 12.Bc2 Bd7 13.Be3 b6 14.Nd2 Qe8 15.Re1 Nh7 16.Qe2 f5
17.Nb5 Qd8 18.exf5 gxf5 19.f4 Nf6 20.h3 e4 21.Nd4 Qe8 22.Rbd1 b5 23.Nxb5 Nxd5
24.Nxe4 Nxe3 25.Nxc5 Bxb5 26.Qxe3 Qxe3+ 27.Rxe3 dxc5 28.cxb5 Bd4 29.Rxd4 cxd4
30.Re7 Rf7 31.Re5 Rd8 32.Bxa4 d3 33.Kf2 d2 34.Ke2 Rg7 35.Bb3+ Kh8 36.Rd5 Rxd5
37.Bxd5 d1=Q+ 38.Kxd1 Rd7 39.Kc2 Rxd5 40.a4 Rd4 41.Kb3 Rxf4  0-1

[Event "UKR-ch"]
[Site "Kiev"]
[Date "1986.??.??"]
[Round "5"]
[White "Huzman, Alexander"]
[Black "Gofshtein, Leonid D"]
[Result "1/2-1/2"]
[WhiteElo "2390"]
[BlackElo "2385"]

1.Nf3 d6 2.d4 g6 3.c4 Bg7 4.Nc3 Nd7 5.e4 e5 6.Be2 Ngf6 7.O-O O-O 8.Qc2 exd4
9.Nxd4 Re8 10.Rd1 c6 11.Nb3 Qe7 12.f3 Ne5  1/2-1/2

[Event "UKR-ch"]
[Site "Kiev"]
[Date "1986.??.??"]
[Round "8"]
[White "Shneider, Aleksandr"]
[Black "Buturin, Vladimir"]
[Result "0-1"]
[WhiteElo "2450"]
[BlackElo "2200"]

1.d4 g6 2.c4 Bg7 3.Nc3 Nf6 4.e4 d6 5.Be2 O-O 6.Nf3 e5 7.O-O exd4 8.Nxd4 Re8
9.f3 c6 10.Kh1 Nbd7 11.Bg5 Qb6 12.Nb3 a5 13.Na4 Qb4 14.Nc1 d5 15.Nd3 Qe7
16.cxd5 cxd5 17.e5 Nxe5 18.Nb6 Rb8 19.Nxd5 Qd8 20.N3f4 h6 21.Bxf6 Bxf6 22.Nxf6+ Qxf6
23.Nd5 Qd8 24.Rc1 Nc6 25.Bc4 Be6 26.a3 Bxd5 27.Bxd5 Qf6 28.Qc2 Nd4 29.Qc3 Red8
30.Be4 Kg7 31.Rfd1 Ne2 32.Qxf6+ Kxf6 33.Rxd8 Rxd8 34.Re1 b6 35.g3 Rd2 36.b4 axb4
37.axb4 Nc3 38.Rc1 Nxe4 39.fxe4 Ke5 40.Rc7 Rd4 41.b5 f6 42.Rb7 Rd6 43.Re7+ Re6
44.Rg7 g5 45.Kg2 Kxe4 46.Rg6 h5 47.Rh6 Kf5 48.Rxh5 Re5 49.h3 Rxb5 50.Rh8 Ke4
51.Re8+ Re5 52.Rb8 b5 53.Rb6 f5 54.h4 gxh4 55.gxh4 f4 56.Kf2 Rc5 57.Rb8 Rc2+
58.Kg1 Rc5 59.Kf2 Rc2+ 60.Kg1 Rc5 61.Kf2 Rd5 62.Re8+ Re5  0-1

[Event "UKR-ch"]
[Site "Kiev"]
[Date "1986.??.??"]
[Round "10"]
[White "Moskalenko, Viktor"]
[Black "Buturin, Vladimir"]
[Result "1/2-1/2"]
[WhiteElo "2430"]
[BlackElo "2200"]

1.d4 Nf6 2.c4 g6 3.Nc3 Bg7 4.e4 d6 5.Be2 O-O 6.Nf3 e5 7.O-O exd4 8.Nxd4 Re8
9.f3 c6 10.Kh1 Nbd7 11.Nc2 Nb6 12.Bg5 h6 13.Bh4 Be6 14.b3 g5 15.Bf2 Nh5 16.Nd4 Nf4
17.Rc1 Qf6 18.Bd3 Nxd3 19.Qxd3 Nd7 20.Nxe6 Ne5 21.Qd2 fxe6 22.Ne2 Nf7 23.Bd4 Qg6
24.Bxg7 Kxg7 25.Ng3 Rf8 26.Rf2 h5 27.f4 h4 28.f5 Qh7 29.Nf1 exf5 30.exf5 Rae8
31.Qd4+ Kg8 32.Ne3 Nh6 33.Rcf1 Qe7 34.Ng4 Nxg4 35.Qxg4 Qf6 36.g3 hxg3 37.hxg3 Rf7
38.Kg2 Rh7 39.Re2 Rhe7 40.Re6 Rxe6 41.fxe6 Qb2+ 42.Rf2 Qe5 43.Re2 Qf6 44.Qe4 Re7
45.Kh3 d5 46.cxd5 cxd5 47.Qe5 Qf3 48.Qxg5+ Rg7 49.Qd8+ Kh7 50.Qh4+ Kg8 51.Qd8+ Kh7
52.Qh4+  1/2-1/2

[Event "URS-FL"]
[Site "Kujbyshev"]
[Date "1986.??.??"]
[Round "?"]
[White "Huzman, Alexander"]
[Black "Yermolinsky, Alex"]
[Result "1/2-1/2"]
[WhiteElo "2390"]
[BlackElo "2445"]

1.Nf3 Nf6 2.c4 g6 3.Nc3 Bg7 4.e4 d6 5.d4 O-O 6.Be2 e5 7.O-O Nbd7 8.Qc2 c6
9.d5 Qc7 10.Be3 Ng4 11.Bd2 a5 12.Ne1 Ngf6 13.dxc6 bxc6 14.Nd3 Ba6 15.b3 d5
16.Nb2 d4 17.Ncd1 c5 18.f3 Bb7 19.Nf2 Nh5 20.Nbd3 f5 21.exf5 gxf5 22.f4 Qc6
23.Ne1 Qg6 24.Qd1 Nhf6 25.fxe5 Nxe5 26.Nfd3 Nxd3 27.Bxd3 Ng4 28.Bf4 Bh6 29.Qd2 Ne3
30.Rf2 Rf7 31.Bf1 Rg7 32.Nd3 Bxf4 33.Nxf4 Qh6 34.Nd3 Rc8 35.Re1 Qh4 36.Rf4 Qg5
37.Rxe3 dxe3 38.Qxe3 Be4 39.Nf2 Re8 40.g3 Bc6 41.Qd2 h6 42.Bg2 Bxg2 43.Kxg2 Qd8
44.Qxd8 Rxd8 45.Rxf5 Rd2 46.Kf3 Rf7 47.Rxf7 Kxf7 48.h4 Rxa2 49.Ne4 Ke7 50.Kf4 Ra3
51.Nxc5 Kd6 52.Ne4+ Kc6 53.Nd2 Ra2 54.Ke3 h5 55.Kd3 Ra1 56.Ne4 Rb1 57.Kc2 Rf1
58.Kb2 Kd7 59.Nc5+ Kd6 60.Nd3 Rg1 61.Nf4 Rxg3 62.Nxh5 Rf3 63.Ka3 Ke5 64.Ka4 Rh3
65.Kxa5 Rxb3 66.c5 Kd5 67.Nf6+ Kxc5 68.Ne4+ Kd5 69.Nf6+ Kc6 70.Ng4 Rh3 71.Ne5+ Kd6
72.Nf7+ Kc5 73.Ka6 Rd3 74.h5 Rd7 75.Ne5 Rd6+ 76.Kb7 Rd5 77.Ng4 Rd4 78.Ne5 Rd5
79.Ng4 Kd6 80.h6 Ke6 81.h7 Rh5 82.Kc6  1/2-1/2

[Event "DSV-Turnier"]
[Site "Leipzig"]
[Date "1986.??.??"]
[Round "1"]
[White "Stempin, Pawel"]
[Black "Casper, Thomas"]
[Result "1/2-1/2"]
[WhiteElo "2420"]
[BlackElo "2430"]

1.d4 Nf6 2.Nf3 g6 3.c4 Bg7 4.Nc3 O-O 5.e4 d6 6.Be2 Nbd7 7.O-O e5 8.Be3 c6
9.Qc2 Qe7 10.Rad1 Ng4 11.Bg5 Bf6 12.Bxf6 Ngxf6 13.Rfe1 Kg7 14.Bf1 h6 15.Rd2 Re8
16.b4 a6 17.c5 dxc5 18.dxc5 a5 19.a3 axb4 20.axb4 b6 21.cxb6 Nxb6 22.b5 Bd7
23.h3 Qc5 24.Re3 Ra1 25.Ne1 cxb5 26.Nxb5 Qxc2 27.Rxc2 Rd8 28.f3  1/2-1/2

[Event "BKL-Turnier"]
[Site "Leipzig"]
[Date "1986.??.??"]
[Round "1"]
[White "Boensch, Uwe"]
[Black "Vogt, Lothar"]
[Result "1/2-1/2"]
[WhiteElo "2475"]
[BlackElo "2460"]

1.d4 Nf6 2.c4 g6 3.Nc3 Bg7 4.e4 d6 5.Be2 O-O 6.Nf3 e5 7.O-O Nbd7 8.Be3 c6
9.Qd2 Ng4 10.Bg5 f6 11.Bh4 Nh6 12.h3 Nf7 13.Rad1 a5 14.b3 Qe7 15.Qc2 Re8
16.a3 exd4 17.Nxd4 Nc5 18.Rfe1 Ne6 19.Nxe6 Bxe6 20.Bf1 Qf8 21.Bg3 f5 22.exf5 Bxf5
23.Bd3 Rxe1+ 24.Rxe1 Bxd3 25.Qxd3 Re8 26.Rxe8 Qxe8 27.Ne4 Be5 28.f4 Bg7 29.Nxd6 Nxd6
30.Qxd6 Bf8 31.Qd2 Bxa3 32.Qxa5 Qe3+ 33.Bf2 Qc1+ 34.Qe1 Qxf4 35.Qe6+ Qf7
36.Qc8+ Bf8 37.Qb8 Qe7 38.Bg3 Kf7 39.Kh2 Qd7  1/2-1/2

[Event "DSV-Turnier"]
[Site "Leipzig"]
[Date "1986.??.??"]
[Round "3"]
[White "Uhlmann, Wolfgang"]
[Black "Casper, Thomas"]
[Result "1/2-1/2"]
[WhiteElo "2510"]
[BlackElo "2430"]

1.c4 Nf6 2.Nc3 d6 3.d4 Nbd7 4.e4 e5 5.Nf3 g6 6.Be2 Bg7 7.O-O O-O 8.Be3 c6
9.Qc2 Qe7 10.h3 exd4 11.Bxd4 Re8 12.Rfe1 c5 13.Bxf6 Nxf6 14.Bf1 Bd7 15.Qb3 Rab8
16.Rad1 Bc6 17.Nb5 Bxb5 18.cxb5 Nxe4 19.Bd3 d5 20.Qxd5 Nf6 21.Qb3 Qc7 22.Ng5 Rf8
23.Re2 Bh6 24.Nf3 Rfe8 25.Qc4 Rbd8 26.Rxe8+ Nxe8 27.Re1 Bg7 28.b4 Bf8 29.Ng5 h6
30.Nf3 Kg7 31.Qc3+ Kh7 32.bxc5 Bxc5 33.Qb3 Nd6 34.h4 Re8 35.Rxe8 Nxe8 36.h5 Kg7
37.hxg6 fxg6 38.Qe6 Nf6 39.Ne5 Bd4 40.Nxg6 Qd7 41.Qxd7+ Nxd7 42.Nf4 Nc5 43.Kf1 Kf6
44.Ke2 Ke5 45.g3 Na4 46.Bc4 Kd6 47.Ne6 Bf6 48.Ke3 Nb2 49.Bb3 Nd1+ 50.Kf3 Nc3
51.b6 a5 52.Kg4 a4 53.Bc4 Nd1 54.Kf5 Be7 55.Be2 Nxf2 56.Bf3 Nd3 57.Bxb7 Nc5  1/2-1/2

[Event "BKL-Turnier"]
[Site "Leipzig"]
[Date "1986.??.??"]
[Round "3"]
[White "Boensch, Uwe"]
[Black "Casper, Thomas"]
[Result "1-0"]
[WhiteElo "2475"]
[BlackElo "2430"]

1.d4 Nf6 2.c4 d6 3.Nc3 Nbd7 4.e4 e5 5.Nf3 g6 6.Be2 Bg7 7.O-O O-O 8.Be3 c6
9.Qc2 Ng4 10.Bg5 Bf6 11.Bxf6 Ngxf6 12.Rad1 Qe7 13.Rfe1 Re8 14.Bf1 Kg7 15.h3 h6
16.b4 a6 17.b5 axb5 18.cxb5 Nf8 19.Na4 Qc7 20.bxc6 bxc6 21.Rb1 Ra7 22.dxe5 dxe5
23.Nb6 Ba6 24.Bxa6 Rxa6 25.Nc4 N8d7 26.a4 Nb6 27.Ncxe5 Rxe5 28.Nxe5 Qxe5
29.Qxc6 Nfd7 30.Red1 Qe6 31.Rd6 Qa2 32.Qc3+ Kh7 33.Ra1 Qe2 34.Qd4 Ra7 35.a5 Rxa5
36.Rxa5 Qe1+ 37.Kh2 Qxa5 38.e5 Qa2 39.f4 Qb3 40.f5 gxf5 41.Qf4 Kg8 42.Qxh6  1-0

[Event "DSV-Turnier"]
[Site "Leipzig"]
[Date "1986.??.??"]
[Round "3"]
[White "Stempin, Pawel"]
[Black "Suetin, Alexey S"]
[Result "1/2-1/2"]
[WhiteElo "2420"]
[BlackElo "2400"]

1.d4 Nf6 2.Nf3 g6 3.c4 Bg7 4.Nc3 O-O 5.e4 d6 6.Be2 e5 7.O-O c6 8.Qc2 Re8
9.Rd1 Nbd7 10.d5 Qc7 11.Bg5 h6 12.Bd2 a5 13.Rac1 Nc5 14.Be3 Bd7 15.Nd2 Bf8
16.dxc6 bxc6 17.Bxc5 dxc5 18.Na4 Rab8 19.Nb3 Qa7 20.Bf1 Be6 21.f3 Rb4 22.a3 Rxa4
23.Nd2 Rb4 24.axb4 cxb4+ 25.Kh1 a4 26.c5 Nd7 27.Bc4 Nxc5 28.Bxe6 Rxe6 29.Ra1 Be7
30.Nc4 Qa6 31.Ne3 Qb6 32.Qe2 Kg7 33.h3 h5 34.Nc2 Qa5 35.Rab1 Nb3 36.Rd7 Qc5
37.Rbd1 a3 38.bxa3 bxa3 39.Qd3 Na5 40.Ra1 Nc4 41.Qc3 Qb5 42.f4 Bf6 43.f5 Re7
44.Rdd1 Qa4 45.fxg6 fxg6 46.Nxa3 Nxa3 47.Qxa3 Qxe4 48.Qd6 Qf5 49.Ra8 e4 50.Qb8 Kh6
51.Qf8+ Kg5 52.Re8 Rxe8 53.Qxe8 Be5 54.Qd8+ Kh6 55.Qd2+ Bf4 56.Qd4 Be5 57.Qe3+ Bf4
58.Qd4 Be5 59.Qe3+ Bf4  1/2-1/2

[Event "DSV-Turnier"]
[Site "Leipzig"]
[Date "1986.??.??"]
[Round "5"]
[White "Boensch, Uwe"]
[Black "Vogt, Lothar"]
[Result "1-0"]
[WhiteElo "2535"]
[BlackElo "2505"]

1.d4 Nf6 2.c4 g6 3.Nc3 Bg7 4.e4 d6 5.Be2 O-O 6.Nf3 e5 7.O-O Nbd7 8.Qc2 exd4
9.Nxd4 Re8 10.Rd1 Nc5 11.f3 Nh5 12.g4 Nf6 13.Bg5 a5 14.Ndb5 h6 15.Bh4 Bd7
16.Rd2 Qc8 17.Kh1 Bc6 18.Nd5 Nxd5 19.cxd5 Bd7 20.Rg1 Be5 21.a4 Kh7 22.b3 Qb8
23.Bc4 Na6 24.Qd1 Rg8 25.Qf1 Bf4 26.Re2 Qe8 27.Bf6 Bxb5 28.Bxb5 c6 29.dxc6 bxc6
30.Bc4 Nc5 31.g5 h5 32.Qh3 Nd7 33.Qh4 Be5 34.f4 Bxf6 35.gxf6 Qf8 36.e5 dxe5
37.fxe5 Nc5 38.Rd2 Re8 39.Rg5 Ne6 40.Rd7 Kh6 41.Bxe6 Rxe6 42.Qf4 Kh7 43.Qf3 Kh6
44.Qe3 c5 45.h4 Kh7 46.Qf3 Kh6 47.Qb7 Rh8 48.Rxf7 Qe8 49.Rg7 Rxf6 50.exf6 Qe1+
51.Kg2 Qe2+  1-0

[Event "DSV-Turnier"]
[Site "Leipzig"]
[Date "1986.??.??"]
[Round "7"]
[White "Stempin, Pawel"]
[Black "Knaak, Rainer"]
[Result "0-1"]
[WhiteElo "2420"]
[BlackElo "2505"]

1.d4 Nf6 2.Nf3 g6 3.c4 d6 4.Nc3 Nbd7 5.e4 e5 6.Be2 Bg7 7.O-O O-O 8.Be3 Ng4
9.Bg5 f6 10.Bc1 Kh8 11.b4 Nh6 12.Bb2 Re8 13.Qc2 Nf8 14.h3 Bd7 15.Rfd1 Qc8
16.Bf1 Ne6 17.Nd5 Nf7 18.c5 c6 19.Ne3 dxc5 20.dxc5 b6 21.cxb6 axb6 22.Nc4 Rb8
23.a4 c5 24.bxc5 Nxc5 25.a5 Ba4 26.Rxa4 Nxa4 27.Qxa4 b5 28.Qa2 bxc4 29.Bc1 Rd8
30.Rxd8+ Qxd8 31.Be3 Nd6 32.a6 Qc7 33.Nd2 c3 34.Nc4 Nc8 35.Bd3 Ra8 36.Na3 Na7
37.Nc2 Rd8 38.Qc4 Qxc4 39.Bxc4 Rd7 40.Bd5 Rc7 41.Bb7 Nc8 42.Kf1 Bf8 43.Ke2 Bc5
44.Kd1 Na7 45.Kc1 Kg7 46.Bxc5 Rxc5 47.Nb4 Rc4 48.Nd5 Nb5 49.Nb6 Rb4 50.Nd5 Ra4
51.Kb1 h5 52.g3 g5 53.f3 Ra3 54.g4 Rb3+ 55.Kc1 Nd4 56.Ne3 Ra3 57.Nc2 Ra2  0-1